| 000 | 00515nam a2200169 a 4500 | ||
|---|---|---|---|
| 001 | 000032841 | ||
| 003 | DO-SdBNP | ||
| 005 | 20210419090141.0 | ||
| 008 | 110727s1958 dr 000 0 spa d | ||
| 040 |
_aDO-SdBNP _bspa _cBNPHU |
||
| 049 | _aBNPD | ||
| 100 | 1 |
_aHerrera Bonio, O. _958635 |
|
| 245 | 1 | 0 |
_aConstrucción de viviendas en la República Dominicana / _cO. Herrera Bonio. |
| 260 |
_aCiudad Trujillo, República Dominicana : _bEditora del Caribe, _c1958. |
||
| 300 |
_a153 p. ; _c24 cm. |
||
| 942 |
_2ddc _cLBS1 |
||
| 999 |
_c32332 _d32332 |
||